Normal view
MARC view
- Institut Pengurusan Malaysia
Entry Corporate Name
001 - CONTROL NUMBER
- control field: 2918
003 - CONTROL NUMBER IDENTIFIER
- control field: OSt
005 - DATE AND TIME OF LATEST TRANSACTION
- control field: 20170509155913.0
008 - FIXED-LENGTH DATA ELEMENTS
- fixed length control field: 170509|| aca||aabn | a|a d
040 ## - CATALOGING SOURCE
- Original cataloging agency: OSt
- Transcribing agency: OSt
110 ## - HEADING--CORPORATE NAME
- Corporate name or jurisdiction name as entry element: Institut Pengurusan Malaysia
670 ## - SOURCE DATA FOUND
- Source citation: Work cat.: (OSt)0: Asma Abdullah 2914, Going glocal :, 1996

PORTAL AKMAL
E-MEL JKDM
AKMAL2U
G-BAM
u-PUSTAKA